00810nam a2200217Ia 4500008004100000016001400041040001700055050001500072082000900087100002900096245012900125260003900254300001800293500003000311563001000341650005800351650003600409650004800445650003200493650006700525210303s9999 xx 000 0 und d 2reto2022b aNLNbEnglish aB1131b.W5 a192  aWILLEY, Basild1897eaut 4aThe Seventeenth Century Background : bstudies in the Thought of the Age in Relation to Poetry and Religion / cBasil Willey aLondon :bChatto and Windus,c1957 a315p.b; 23cm abibliographical footnotes a(pbk) aEnglish poetryvEarly modern (to 1700)xhist. & crit. aReligious thoughtv17th century aTheology, DoctrinalvHistoryxGreat Britain aPhilosophy, ModernvHistory aEnglish poetryvEarly modern, 1500-1700xHistory and criticism